| 000 | 00375nam a22001577a 4500 | ||
|---|---|---|---|
| 003 | CEME | ||
| 005 | 20210628205125.0 | ||
| 008 | 210226b xxu||||| |||| 00| 0 eng d | ||
| 040 | _c. | ||
| 082 | _a355.09 HUM'B | ||
| 100 |
_aHumble, Richard _974060 |
||
| 245 | _aBattleship and battlecruisers | ||
| 260 |
_aLONDON _bCONNOISSEUR _c1983 |
||
| 300 | _a192P | ||
| 942 |
_cBK _2ddc |
||
| 999 |
_c579635 _d579635 |
||